| 000 | 00332 a2200133 4500 | ||
|---|---|---|---|
| 005 | 20250630113244.0 | ||
| 020 | _a1-292-22108-9 | ||
| 082 | _a658.8 SOL | ||
| 245 | _aMarketing: Real People, Real Choices, | ||
| 250 | _a9th Ed. | ||
| 260 |
_aNew York, _bMcGRAW- HILL, _c2003. |
||
| 300 |
_a594p,: ill.; figure _c28CM |
||
| 942 |
_2ddc _cBKS |
||
| 999 |
_c6472 _d6472 |
||